Essentials of fuzzy modeling and control / (Record no. 176772)

000 -LEADER
fixed length control field 01245 a2200265 4500
003 - CONTROL NUMBER IDENTIFIER
control field Nust
005 - DATE AND TIME OF LATEST TRANSACTION
control field 20220719182326.0
010 ## - LIBRARY OF CONGRESS CONTROL NUMBER
LC control number 94005709
020 ## - INTERNATIONAL STANDARD BOOK NUMBER
International Standard Book Number 9814126772 (acid-free paper)
040 ## - CATALOGING SOURCE
Transcribing agency Nust
082 00 - DEWEY DECIMAL CLASSIFICATION NUMBER
Classification number 003.01,YAG
100 1# - MAIN ENTRY--PERSONAL NAME
Personal name Yager, Ronald R.,
9 (RLIN) 93889
245 10 - TITLE STATEMENT
Title Essentials of fuzzy modeling and control /
Statement of responsibility, etc. Ronald R. Yager, Dimitar P. Filev.
260 ## - PUBLICATION, DISTRIBUTION, ETC.
Place of publication, distribution, etc. New York :
Name of publisher, distributor, etc. Wiley,
Date of publication, distribution, etc. c1994.
300 ## - PHYSICAL DESCRIPTION
Extent xvi, 388 p. :
Other physical details ill. ;
Dimensions 25 cm.
505 ## - FORMATTED CONTENTS NOTE
Formatted contents note Basics Concepts of Fuzzy Set Theory (Page-1), Aggregation Operation on Fuzzy Sets (Page-29), The Theory of Approximate Reasoning (Page-79),Introduction to Fuzzy Logic Control (Page-109), Fuzzy Systems Models (Page-155), Developing Fuzzy Models (Page-203), Theoretical Analysis of FLC (Page-265), Defuzzification Problems (Page-313), The Flexible Structure of Fuzzy Systems (Page-357),
538 ## - SYSTEM DETAILS NOTE
System details note Almirah No.1 and Shelf No.4
650 #0 - SUBJECT ADDED ENTRY--TOPICAL TERM
Topical term or geographic name entry element Control theory.
650 #0 - SUBJECT ADDED ENTRY--TOPICAL TERM
Topical term or geographic name entry element Fuzzy sets.
650 #0 - SUBJECT ADDED ENTRY--TOPICAL TERM
Topical term or geographic name entry element Fuzzy systems.
700 1# - ADDED ENTRY--PERSONAL NAME
Personal name Filev, Dimitar P.,
Dates associated with a name 1959-
9 (RLIN) 93890
856 42 - ELECTRONIC LOCATION AND ACCESS
Materials specified Publisher description
Uniform Resource Identifier <a href="http://www.loc.gov/catdir/description/wiley033/94005709.html">http://www.loc.gov/catdir/description/wiley033/94005709.html</a>
856 42 - ELECTRONIC LOCATION AND ACCESS
Materials specified Table of Contents
Uniform Resource Identifier <a href="http://www.loc.gov/catdir/toc/onix04/94005709.html">http://www.loc.gov/catdir/toc/onix04/94005709.html</a>
942 ## - ADDED ENTRY ELEMENTS (KOHA)
Source of classification or shelving scheme
Koha item type Book
Holdings
Withdrawn status Lost status Source of classification or shelving scheme Damaged status Not for loan Permanent Location Current Location Shelving location Date acquired Full call number Barcode Date last seen Price effective from Koha item type Public note
          Military College of Signals (MCS) Military College of Signals (MCS) General Stacks 12/12/2016 003.01,YAG MCS30651 12/08/2016 12/12/2016 Book Almirah No.1, Shelf No.2
© 2023 Central Library, National University of Sciences and Technology. All Rights Reserved.